Conflicts of interest between online firms offering CFDs and other speculative products to retail investors and their clients

Bibliographic Details
Main Author: Rák Miklós Márk
Other Authors: Vallyon Dr. Andrea
Format: Thesis
Kulcsszavak:Befektetés
Bináris opció
CFD
Tőzsde
Online Access:http://dolgozattar.uni-bge.hu/13830

MARC

LEADER 00000nta a2200000 i 4500
001 dolg13830
005 20180627144315.0
008 171211suuuu hu om 000 eng d
040 |a BGE Dolgozattár Repozitórium  |b hun 
041 |a en 
100 1 |a Rák Miklós Márk 
245 1 0 |a Conflicts of interest between online firms offering CFDs and other speculative products to retail investors and their clients  |c Rák Miklós Márk  |h [elektronikus dokumentum] 
246 1 1 |a A potenciális érdekellentétek Európai CFD-t és más spekulatív termékeket nyújtó cégek és az ügyfeleik között 
246 1 1 |a Conflicts of interest between online firms offering CFDs and other speculative products to retail investors and their clients 
695 |a Befektetés 
695 |a Bináris opció 
695 |a CFD 
695 |a Tőzsde 
700 1 |a Vallyon Dr. Andrea  |e ths 
856 4 0 |u http://dolgozattar.uni-bge.hu/13830/1/Thesis-RMM-final.pdf  |z Dokumentum-elérés